Bilecik Bilecik Bilecik Bilecik Bilecik

Uruk aslanı Gılgameş : (Record no. 43732)

MARC details
000 -BAŞLIK
Sabit Uzunluktaki Kontrol Alanı 01066nam a22003497a 4500
001 - KONTROL NUMARASI
Control Dosyası 0043924
003 - KONTROL NUMARASI KİMLİĞİ
Kontrol Alanı KOHA_MİRAKIL
005 - EN SON İŞLEM TARİHİ ve ZAMANI
Kontrol Alanı 20260207003407.0
007 - FİZİKSEL TANIM SABİT ALAN - GENEL BİLGİ
Sabit uzunluklu kontrol alanı ta
008 - SABİT UZUNLUKTAKİ VERİ ÖGELERİ - GENEL BİLGİ
Sabit Alan 130730b2004 tu a|||gr||||#||||1|tur |
020 ## - ISBN - ULUSLARARASI STANDART KİTAP NUMARASI
Isbn 9757076104
040 ## - KATALOGLAMA KAYNAĞI
Özgün Kataloglama Kurumu TR-BiSEU
Kataloglama Dili tur
Çeviri Kurumu TR-BiSEU
Açıklama Kuralları rda
041 0# - DİL KODU
Metin ya da ses kaydının dil kodu tur
044 ## - YAYINLAYAN/ÜRETEN KURULUŞUN ÜLKE KODU
ISO country code tu
050 ## - SINIFLAMA ve YER NUMARASI
Sınıflama Numarası PT2662.R18
Yer Numarası U78 2004
100 1# - KİŞİ ADI
Yazar Adı (Kişi adı) Braem, Harald.
240 10 - TEK BİÇİM BAŞLIK
Tekbiçim Başlık <a href="Der Löve von Uruk">Der Löve von Uruk</a>
Language of a work Türkçe
245 1# - ESER ADI BİLDİRİMİ
Başlık Uruk aslanı Gılgameş :
Alt Eseradı vb. mitolojinin romanı =
-- Der Löve von Uruk/
Sorumluluk Bildirimi Harald Braem ; Harald Braem; çev. Atilla Dirim.
264 #1 - ÜRERİM, YAYIN, DAĞITIM ve TELİF BİLDİRİMİ
Yayın yeri Ankara :
Yayınlayan Yurt Kitap-Yayın
Yayın tarihi 2004
300 ## - FİZİKSEL TANIMLAMA
Sayfa, Cilt vb. 483 sayfa :
Diğer fiziki detaylar res.
336 ## - İÇERİK TÜRÜ
Content type term metin
Content type code txt
Source rdacontent
337 ## - MEDYA TÜRÜ
Media type term aracısız
Media type code n
Source rdamedia
338 ## - TAŞIYICI TÜRÜ
Carrier type term cilt
Carrier type code nc
Source rdacarrier
490 1# - DİZİ BİLDİRİMİ
Dizi Bildirimi Yurt Kitap-Yayın ;
Cilt Numarası 93.
490 1# - DİZİ BİLDİRİMİ
Dizi Bildirimi Tarihi romanlar dizisi ;
Cilt Numarası 2.
500 ## - GENEL NOT
Genel Not
650 #0 - KONU BAŞLIĞI EK GİRİŞ - KONU TERİMİ
Konusal terim veya coğrafi ad Gılgamış.
9 (RLIN) 6708
650 #0 - KONU BAŞLIĞI EK GİRİŞ - KONU TERİMİ
Konusal terim veya coğrafi ad Sümer mitolojisi.
9 (RLIN) 6709
830 1# - SERİ EK GİRİŞİ - TEKBİÇİM ESER ADI
Tekbiçim Başlık Yurt Kitap-Yayın ;
Volume number/sequential designation 93.
9 (RLIN) 6710
830 1# - SERİ EK GİRİŞİ - TEKBİÇİM ESER ADI
Tekbiçim Başlık Tarihi romanlar dizisi ;
Volume number/sequential designation 2.
9 (RLIN) 6711
942 ## - EK GİRİŞ ÖGELERİ (KOHA)
Source of classification or shelving scheme Library of Congress Classification
Koha item type Book
Holdings
Materyal Türü Kalıcı Konum Mevcut Konum Raf Yeri Sınıflandırma Kaynağı Edinim Bilgisi Ana Konular Alt Konular Yer Numarası Demirbaş Numarası Fatura Tarihi Maliyet, Alış Fiyatı Maliyet, Yenileme Fiyatı Geri Çekilme Durumu Kayıp Durumu Hasarlı Durumu Kredi için değil Kayıt Tarih Toplam Ödünçverme Son Görülme Tarihi Son Kontrol Tarihi Satın Alma Notu
Book Prof. Dr. Azmi Özcan Kütüphanesi Prof. Dr. Azmi Özcan Kütüphanesi Birûni Salonu Library of Congress Classification Satın DİL VE EDEBİYAT Alman - Hollanda - İskandinav Edebiyatları vb. PT2662.R18 U78 2004 0043924 24/09/2013 14.17 14.17         30/07/2013 10 05/12/2024 05/12/2024 73291-73383 (92 sayfa)